000 00577nam a2200181Ia 4500
008 100921s9999 xx 000 0 und d
082 _b23193
_a891.463 थ 81
100 _aपानवलकर श्री.दा.
245 _aजांभूळ.
260 _bमौज प्रकाशन,मुंबई.
_c1981
300 _a210
_bमौज प्रकाशन,मुंबई
365 _b28.5
520 _aललित-कथा.
630 _aजांभूळ.
650 _aललित-कथा.
730 _aजांभूळ.
942 _cBOOK
999 _c772306
_d772303